| 000 | 00600nam a2200193 a 4500 | ||
|---|---|---|---|
| 001 | 20182 | ||
| 003 | CO-ViMGA | ||
| 008 | 141112s2004 ck r 000 u spa d | ||
| 020 | _a9589417086 | ||
| 040 |
_aCO-ViMGA _bspa _cCO-ViMGA |
||
| 082 | 0 | 4 | _aI 861.6 P372 |
| 100 | 1 |
_aDaza, Fanny, il.; Jimenez, Carlos Roberto, rec. _93208 |
|
| 245 | 1 | 0 |
_aEl pescador de estrellas : _bpoesia infantil |
| 260 |
_aBogotá : _bContexto, _c1986 |
||
| 300 | _a32 p. | ||
| 590 | _aForma de adquisición : Donacion Temas y Libros, 2005 - - Precio : 8.400 | ||
| 650 | 1 | 4 |
_aPOESIA INFANTIL COLOMBIANA _9943 |
| 942 |
_2ddc _cBK |
||
| 999 |
_c9800 _d9800 |
||